000 02597nam a22002777a 4500
005 20240305165632.0
007 cr|||| ||||
008 220504s2020 es |||||s|||| 00||0 spa d
020 _a978-84-122700-3-7
035 _a35596
040 _avLex
090 _c13288
_d13288
100 1 _aMuñoz García, Sergio David
245 1 2 _aLa figura del agente de autoridad y su relación con la policía judicial
_h[Recurso electrónico] /
_cSergio David Muñoz García, Patricia Medina Pérez
256 _aServicio en línea
260 _aBarcelona:
_bJ.M. Bosch Editor,
_c2020
300 _a1 recurso electrónico
500 _aEl concepto de agente de autoridad y el de policía judicial no están claramente definidos en el ordenamiento jurídico español. Esto genera confusión en el ámbito de sus actuaciones, lo que puede redundar en un peor servicio para el ciudadano y en algunos casos alterar el equilibrio entre seguridad y libertad. Hemos investigado dentro de nuestro marco jurídico los elementos que definen a un agente de la autoridad y aquellos que caracterizan a la policía judicial, estableciendo sus puntos comunes y sus diferentes competencias. Para ello, se ha llevado a cabo una revisión de la normativa legal que, partiendo de la Constitución Española, se ha desarrollado sobre la materia, para analizar después, desde un punto de vista crítico, las dificultades de su aplicación y puesta en práctica. Las conclusiones del trabajo son que no existe una definición concreta en nuestra legislación de agente de la autoridad, que la normativa española ha ido extendiendo el concepto de agente de autoridad a otros colectivos ajenos a los cuerpos y fuerzas de seguridad del Estado en función de las necesidades sociales, que sí existe un adecuado soporte legal para la presunción de veracidad tanto de los agentes de la autoridad como de la policía judicial en el ámbito de la jurisdicción administrativa y que, en cambio, en la jurisdicción penal es la policía judicial la que tiene mayores atribuciones.
506 1 _aDisponible solo en los productos indicados
_dvLex Global
_dvLex Global (Academic Edition, excluding Law Schools)
_dvLex Global (U.S. Academic Edition, Law Schools)
_dvLex Global (U.S. Academic Edition, excluding Law Schools)
_dvLex Global (Academic Edition, Law Schools)
650 0 4 _aDerecho Público y Administrativo
_zEspaña
650 0 4 _aDerecho Constitucional
_zEspaña
700 1 _aMedina Pérez, Patricia
740 0 _avLex Libros (Servicio en línea)
856 4 0 _uhttps://app.vlex.com/#/sources/35596
942 _cRAA
999 _c171524
_d171524